[Event "Chigorin Memorial 2018"]
[Site "St. Petersburg"]
[Date "2018.10.28"]
[Round "2.83"]
[White "Zolotyh, Lev"]
[Black "Chernyak, Viktoria"]
[Result "1-0"]
[WhiteElo "1849"]
[BlackElo "2200"]
[PlyCount "75"]
[EventDate "2018.10.27"]
[EventType "swiss"]
[EventCountry "RUS"]
[WhiteTeam "Russland"]
[BlackTeam "Russland"]
[WhiteTeamCountry "RUS"]
[BlackTeamCountry "RUS"]

1. e4 Nf6 2. e5 Nd5 3. c4 Nb6 4. d4 d6 5. exd6 exd6 6. Bd3 Be7 7. h3 Nc6 8. Nf3 Nb4 9. O-O O-O 10. b3 Bf6 11. Be3 c5 12. Nc3 d5 13. Rc1 dxc4 14. Bxc4 Nxc4 15. bxc4 cxd4 16. Bxd4 Be7 17. Qb3 Be6 18. Rfd1 Qc8 19. Nd5 Nc6 20. Nxe7+ Nxe7 21. Bb2 Nc6 22. Qc3 f6 23. Rd6 Rd8 24. Rcd1 Qc7 25. c5 Bxa2 26. Nh4 Rxd6 27. Rxd6 Re8 28. Qg3 Re1+ 29. Kh2 Re6 30. Nf5 Kf8 31. Qf4 a5 32. g3 Ne5 33. Bxe5 Rxe5 34. Nxg7 Qe7 35. Nf5 Qf7 36. Rd8+ Re8 37. Qd6+ Kg8 38. Nh6+ 1-0

[Event "Chigorin Memorial 2018"]
[Site "St. Petersburg"]
[Date "2018.10.28"]
[Round "2.84"]
[White "Yatzenko, Anton"]
[Black "Yun, Vyacheslav"]
[Result "1-0"]
[WhiteElo "2351"]
[BlackElo "1931"]
[PlyCount "61"]
[EventDate "2018.10.27"]
[EventType "swiss"]
[EventCountry "RUS"]
[WhiteTeam "Russland"]
[BlackTeam "Russland"]
[WhiteTeamCountry "RUS"]
[BlackTeamCountry "RUS"]

1. e4 c5 2. Nf3 e6 3. g3 d5 4. exd5 exd5 5. Bg2 Nf6 6. O-O Be7 7. d4 O-O 8. dxc5 Bxc5 9. Nc3 h6 10. a3 a6 11. b4 Ba7 12. Bb2 Nc6 13. Qd3 Bg4 14. Rad1 d4 15. Ne2 Rc8 16. h3 Bh5 17. Nf4 Bxf3 18. Qxf3 Qb6 19. Qb3 Rfd8 20. Rfe1 d3 21. Nxd3 Nd4 22. Bxd4 Rxd4 23. Re7 Rdc4 24. Nc5 R8xc5 25. bxc5 Qxc5 26. Rd8+ Kh7 27. Qd3+ Ne4 28. Bxe4+ Rxe4 29. Qxe4+ f5 30. Qe2 Qxa3 31. Rd3 1-0

[Event "Chigorin Memorial 2018"]
[Site "St. Petersburg"]
[Date "2018.10.28"]
[Round "2.85"]
[White "Pavlov, Mark"]
[Black "Chashchev, Sergey"]
[Result "1-0"]
[WhiteElo "1924"]
[BlackElo "2313"]
[PlyCount "93"]
[EventDate "2018.10.27"]
[EventType "swiss"]
[EventCountry "RUS"]
[WhiteTeam "Russland"]
[BlackTeam "Russland"]
[WhiteTeamCountry "RUS"]
[BlackTeamCountry "RUS"]

1. d4 d6 2. e4 Nf6 3. Nc3 g6 4. Nf3 Bg7 5. Be3 c6 6. a4 O-O 7. Qd2 Ng4 8. Bg5 f6 9. Bh4 a5 10. Bc4+ Kh8 11. O-O Na6 12. h3 Nh6 13. d5 Nb4 14. Nd4 f5 15. Rae1 c5 16. Ndb5 fxe4 17. Nxe4 Nf5 18. Bg3 Bh6 19. Qc3+ Bg7 20. Qd2 Bd7 21. c3 Na6 22. Bh2 Nc7 23. Qe2 Nxb5 24. Bxb5 Qe8 25. Ng5 Bxb5 26. Qxb5 Qxb5 27. axb5 Rac8 28. Ne6 Rfe8 29. b6 Kg8 30. Ra1 Bh6 31. Nc7 Red8 32. Rxa5 Kf7 33. Ra4 Ng7 34. Re1 Bd2 35. Re2 Bg5 36. Rae4 Bf6 37. g4 Rd7 38. f4 h6 39. Ne6 g5 40. fxg5 hxg5 41. h4 gxh4 42. g5 Be5 43. Bxe5 dxe5 44. Rxe5 Nh5 45. g6+ Kxg6 46. Rg5+ Kh6 47. Rh2 1-0

[Event "Chigorin Memorial 2018"]
[Site "St. Petersburg"]
[Date "2018.10.28"]
[Round "2.86"]
[White "Shadunts, Kirill"]
[Black "Abbasov, Vusal"]
[Result "0-1"]
[WhiteElo "1907"]
[BlackElo "2302"]
[PlyCount "78"]
[EventDate "2018.10.27"]
[EventType "swiss"]
[EventCountry "RUS"]
[WhiteTeam "Russland"]
[BlackTeam "Aserbeidschan"]
[WhiteTeamCountry "RUS"]
[BlackTeamCountry "AZE"]

1. d4 Nf6 2. c4 g6 3. Nc3 Bg7 4. e4 d6 5. f3 O-O 6. Be3 Nc6 7. Qd2 a6 8. Nge2 Rb8 9. Nc1 e5 10. d5 Nd4 11. Nb3 Nxb3 12. axb3 c5 13. Be2 Bd7 14. O-O Nh5 15. g4 Nf4 16. Bxf4 exf4 17. Qxf4 Qb6 18. Bd1 f5 19. Qg3 fxg4 20. f4 Rbe8 21. Bc2 Qd8 22. Rae1 Bd4+ 23. Kh1 b5 24. cxb5 axb5 25. Bd3 Bf6 26. Re2 b4 27. Nd1 Bd4 28. Ne3 h5 29. Nc4 Bc8 30. Qg2 Kg7 31. Ree1 Rf7 32. Qd2 Ref8 33. Kg2 Qh4 34. Nxd6 g3 35. Kh1 Bf2 36. Rxf2 gxf2 37. Rf1 Rxf4 38. e5 Bh3 39. e6 Qg4 0-1

[Event "Chigorin Memorial 2018"]
[Site "St. Petersburg"]
[Date "2018.10.28"]
[Round "2.87"]
[White "Kiselev, Pavel"]
[Black "Grishaev, Igor"]
[Result "1-0"]
[WhiteElo "2278"]
[BlackElo "1893"]
[PlyCount "45"]
[EventDate "2018.10.27"]
[EventType "swiss"]
[EventCountry "RUS"]
[WhiteTeam "Russland"]
[BlackTeam "Russland"]
[WhiteTeamCountry "RUS"]
[BlackTeamCountry "RUS"]

1. d4 d5 2. c4 e6 3. Nf3 Nf6 4. Nc3 Be7 5. Bf4 O-O 6. e3 b6 7. Bd3 dxc4 8. Bxc4 Bb7 9. O-O c5 10. dxc5 Bxc5 11. Qe2 Nbd7 12. Rfd1 Qe7 13. a3 e5 14. Bg5 e4 15. Nd4 Rac8 16. Bf4 Bxd4 17. Rxd4 Ne5 18. Ba6 Rfe8 19. Bxe5 Bxa6 20. Bxf6 Bxe2 21. Bxe7 Bd3 22. Bh4 Rc5 23. Rd1 1-0

[Event "Chigorin Memorial 2018"]
[Site "St. Petersburg"]
[Date "2018.10.28"]
[Round "2.88"]
[White "Azimov, Ilyas"]
[Black "Kuznetsov, Mikhail"]
[Result "1-0"]
[WhiteElo "2162"]
[BlackElo "1882"]
[PlyCount "41"]
[EventDate "2018.10.27"]
[EventType "swiss"]
[EventCountry "RUS"]
[WhiteTeam "Russland"]
[BlackTeam "Russland"]
[WhiteTeamCountry "RUS"]
[BlackTeamCountry "RUS"]

1. e4 e6 2. d4 d5 3. Nc3 Bb4 4. e5 Ne7 5. a3 Bxc3+ 6. bxc3 c5 7. f4 b6 8. Qg4 O-O 9. Nf3 Ba6 10. Bd3 Bxd3 11. cxd3 Nbc6 12. dxc5 bxc5 13. O-O Rb8 14. Qh3 Rb3 15. Bd2 d4 16. Ng5 h6 17. Nxe6 Qa5 18. Nxg7 Kxg7 19. f5 Nxf5 20. Qxf5 Qd8 21. Rf3 1-0

[Event "Chigorin Memorial 2018"]
[Site "St. Petersburg"]
[Date "2018.10.28"]
[Round "2.89"]
[White "Dushin, Nikolay"]
[Black "Postanogov, Dmitrii"]
[Result "1-0"]
[WhiteElo "1881"]
[BlackElo "2101"]
[PlyCount "169"]
[EventDate "2018.10.27"]
[EventType "swiss"]
[EventCountry "RUS"]
[WhiteTeam "Russland"]
[BlackTeam "Russland"]
[WhiteTeamCountry "RUS"]
[BlackTeamCountry "RUS"]

1. d4 d5 2. Nf3 Nf6 3. e3 Bg4 4. h3 Bxf3 5. Qxf3 e6 6. Nd2 c5 7. dxc5 Bxc5 8. c4 Nc6 9. cxd5 Nxd5 10. Bb5 O-O 11. Bxc6 bxc6 12. O-O Qe7 13. Nb3 Bb6 14. Bd2 c5 15. Rfc1 Rfc8 16. Rc4 a5 17. a3 a4 18. Nc1 Qf6 19. Qxf6 Nxf6 20. e4 Ne8 21. Bf4 f6 22. e5 Rd8 23. Ne2 Rd5 24. Rac1 fxe5 25. Be3 Nd6 26. R4c2 Ne4 27. Nc3 Nxc3 28. Rxc3 Ra5 29. Kf1 Rb5 30. R1c2 Kf7 31. Ke2 Ke7 32. Rc4 Ra5 33. Rg4 g6 34. Rh4 h5 35. g4 e4 36. g5 Kd6 37. Rxe4 Ra8 38. Rcc4 Bd8 39. h4 Rb8 40. Rc2 Ra8 41. Rec4 Bb6 42. Rf4 Rf5 43. Rcc4 Rxf4 44. Rxf4 Kd5 45. Kd2 Bc7 46. Rf7 Be5 47. Kc2 Rb8 48. Bc1 c4 49. Ra7 Rf8 50. Be3 Rb8 51. Ra5+ Kd6 52. Bc5+ Kc6 53. Bb4 Bd4 54. f3 Rb5 55. Rxa4 Bb6 56. Bc3 Rf5 57. Rxc4+ Kd5 58. Rb4 Bc5 59. Rb5 Kc6 60. Rb8 Rxf3 61. Rg8 Kd5 62. Rxg6 Rf2+ 63. Kb3 Rh2 64. Rg8 e5 65. Rd8+ Ke4 66. Kc4 Bb6 67. Rd5 Bc7 68. Rd7 Bb8 69. g6 Rxh4 70. g7 Rg4 71. Rd8 Rxg7 72. Rxb8 h4 73. Rh8 Rg4 74. Kc5 Kf4 75. Rf8+ Ke4 76. a4 Kd3 77. a5 e4 78. Rd8+ Kc2 79. a6 Rg5+ 80. Kc4 e3 81. a7 Rg4+ 82. Bd4 e2 83. Re8 Rg8 84. a8=Q e1=Q 85. Qa4+ 1-0

[Event "Chigorin Memorial 2018"]
[Site "St. Petersburg"]
[Date "2018.10.28"]
[Round "2.90"]
[White "Yaroslavtsev, Artem"]
[Black "Ponomarev, Denis"]
[Result "1-0"]
[WhiteElo "2097"]
[BlackElo "1879"]
[PlyCount "39"]
[EventDate "2018.10.27"]
[EventType "swiss"]
[EventCountry "RUS"]
[WhiteTeam "Russland"]
[BlackTeam "Russland"]
[WhiteTeamCountry "RUS"]
[BlackTeamCountry "RUS"]

1. e4 c5 2. Nf3 e6 3. b3 Nc6 4. Bb2 Nf6 5. e5 Nd5 6. c4 Nc7 7. Nc3 d5 8. exd6 Qxd6 9. Ne4 Qf4 10. d3 e5 11. g3 Qf5 12. Bg2 f6 13. Ba3 Nb4 14. Bxb4 cxb4 15. O-O Be6 16. Nh4 Qg4 17. Bf3 Qh3 18. Bh5+ Ke7 19. f4 g6 20. Nf2 1-0

[Event "Chigorin Memorial 2018"]
[Site "St. Petersburg"]
[Date "2018.10.28"]
[Round "2.91"]
[White "Titievskaya, Elizaveta"]
[Black "Tencati, Giuseppe"]
[Result "0-1"]
[WhiteElo "1878"]
[BlackElo "2095"]
[PlyCount "172"]
[EventDate "2018.10.27"]
[EventType "swiss"]
[EventCountry "RUS"]
[WhiteTeam "Russland"]
[BlackTeam "Italien"]
[WhiteTeamCountry "RUS"]
[BlackTeamCountry "ITA"]

1. e4 e6 2. d4 d5 3. Nc3 Nf6 4. Bg5 Bb4 5. e5 h6 6. Bd2 Bxc3 7. Bxc3 Ne4 8. Bd3 Nxc3 9. bxc3 c5 10. f4 Nc6 11. Nf3 Qa5 12. Qd2 b6 13. Rd1 c4 14. Be2 Qxa2 15. O-O Qa3 16. Nh4 Qe7 17. Qe1 g6 18. Kh1 h5 19. Qg3 Bd7 20. Bf3 O-O-O 21. Be2 Kb7 22. Nf3 Ra8 23. Ra1 Rhb8 24. Nd2 b5 25. Rfb1 Kc7 26. Bf3 a5 27. h3 b4 28. f5 gxf5 29. Bxh5 Rg8 30. Qh2 Qg5 31. g4 fxg4 32. Bxg4 bxc3 33. Nf1 Rgb8 34. Qg3 Nxd4 35. Rxb8 Rxb8 36. Qxc3 Nc6 37. Re1 Qe7 38. Rd1 Qc5 39. Qf3 Nxe5 40. Qf4 Qd6 41. Be2 f5 42. Nd2 Nf7 43. Qd4 Qb6 44. Qg7 Nd6 45. Nf3 Qe3 46. Ne5 Qxh3+ 47. Kg1 Qe3+ 48. Kf1 Rd8 49. Ra1 Qc5 50. Qg3 Ne4 51. Qf4 Kc8 52. Rb1 Qc7 53. Qe3 Nd2+ 54. Qxd2 Qxe5 55. Qxa5 Qf4+ 56. Ke1 Bc6 57. Rb6 Qc7 58. Qc5 Kd7 59. Ra6 Ra8 60. Rxa8 Bxa8 61. Qf8 Qd8 62. Qc5 Bc6 63. Bh5 Qh4+ 64. Kd2 Qxh5 65. Qa7+ Ke8 66. Qb8+ Ke7 67. Qc7+ Bd7 68. Qc5+ Kf6 69. Qd4+ Kg6 70. Qa7 Qh2+ 71. Kc3 Qd6 72. Qg1+ Kf7 73. Qh1 Qe5+ 74. Kb4 Qd6+ 75. Kc3 d4+ 76. Kd2 Qf4+ 77. Kd1 Qg4+ 78. Kc1 c3 79. Kb1 Qe4 80. Qh7+ Ke8 81. Qg8+ Ke7 82. Qg7+ Kd8 83. Qf8+ Kc7 84. Qc5+ Qc6 85. Qe5+ Kb7 86. Qg7 Qb5+ 0-1

[Event "Chigorin Memorial 2018"]
[Site "St. Petersburg"]
[Date "2018.10.28"]
[Round "2.92"]
[White "Mohite, Ranveer"]
[Black "Bunin, Serafim"]
[Result "1-0"]
[WhiteElo "2091"]
[BlackElo "1876"]
[PlyCount "115"]
[EventDate "2018.10.27"]
[EventType "swiss"]
[EventCountry "RUS"]
[WhiteTeam "Indien"]
[BlackTeam "Russland"]
[WhiteTeamCountry "IND"]
[BlackTeamCountry "RUS"]

1. e4 c6 2. Nc3 d5 3. Nf3 Bg4 4. h3 Bxf3 5. Qxf3 e6 6. d3 Bc5 7. Bd2 Ne7 8. O-O-O d4 9. Ne2 b5 10. c3 e5 11. Qg3 Ng6 12. cxd4 Bxd4 13. h4 h5 14. Nxd4 Qxd4 15. Kb1 Nd7 16. Be2 c5 17. Be3 Qa4 18. Qg5 Rc8 19. Bxh5 Rc6 20. Rd2 Ra6 21. b3 Qa3 22. Be2 Ndf8 23. Bg4 f6 24. Qf5 Ne7 25. Qf3 c4 26. dxc4 bxc4 27. Qd1 Qb4 28. Be2 Rc6 29. Qc2 cxb3 30. Qxb3 Qxe4+ 31. Bd3 Qxg2 32. Rhd1 Re6 33. Bc4 Qg6+ 34. Ka1 f5 35. Rd8+ Kf7 36. R1d6 Rxh4 37. Rxf8+ Kxf8 38. Qb8+ Qe8 39. Qxe8+ Kxe8 40. Bxe6 f4 41. Bxa7 g5 42. Bc5 g4 43. Ra6 Kf8 44. Ra8+ Kg7 45. Bxe7 Rh1+ 46. Kb2 Rh2 47. Rg8+ Kh7 48. Rxg4 Rxf2+ 49. Kc3 Rh2 50. Rh4+ Rxh4 51. Bxh4 f3 52. Kd3 Kg6 53. Bg4 f2 54. Bxf2 Kg5 55. Bc8 Kf4 56. Be3+ Kf3 57. Bb7+ Kg3 58. a4 1-0

[Event "Chigorin Memorial 2018"]
[Site "St. Petersburg"]
[Date "2018.10.28"]
[Round "2.93"]
[White "Yakovlev, Yuri S."]
[Black "Tahay, Romain"]
[Result "0-1"]
[WhiteElo "1838"]
[BlackElo "2089"]
[PlyCount "66"]
[EventDate "2018.10.27"]
[EventType "swiss"]
[EventCountry "RUS"]
[WhiteTeam "Russland"]
[BlackTeam "Frankreich"]
[WhiteTeamCountry "RUS"]
[BlackTeamCountry "FRA"]

1. e4 c5 2. Nf3 Nc6 3. c4 e5 4. Nc3 g6 5. d3 Bg7 6. Be3 d6 7. h3 Nge7 8. g4 Nd4 9. Nd5 O-O 10. Bg2 Ne6 11. Qd2 Nxd5 12. cxd5 Nf4 13. Bxf4 exf4 14. O-O f5 15. g5 fxe4 16. dxe4 Qb6 17. Rab1 Bd7 18. b3 Rae8 19. Qc2 Qb4 20. Rfe1 Re7 21. Nd2 b5 22. f3 Bd4+ 23. Kh1 Re5 24. h4 h6 25. Nf1 hxg5 26. Red1 gxh4 27. Nh2 Rg5 28. a3 Qxa3 29. Rxd4 cxd4 30. Qc7 Rxg2 31. Qxd7 Rxh2+ 32. Kxh2 Qa2+ 33. Kh3 Qxb1 0-1

[Event "Chigorin Memorial 2018"]
[Site "St. Petersburg"]
[Date "2018.10.28"]
[Round "2.94"]
[White "Khadzhiev, Valery"]
[Black "Gutsulyak, Nikolay"]
[Result "1-0"]
[WhiteElo "2087"]
[BlackElo "1861"]
[PlyCount "120"]
[EventDate "2018.10.27"]
[EventType "swiss"]
[EventCountry "RUS"]
[WhiteTeam "Russland"]
[BlackTeam "Russland"]
[WhiteTeamCountry "RUS"]
[BlackTeamCountry "RUS"]

1. d4 e6 2. Nf3 f5 3. g3 Nf6 4. Bg2 Be7 5. O-O O-O 6. c4 d6 7. Nc3 Qe8 8. Qc2 Qh5 9. Nb5 Na6 10. a3 Ne4 11. Nc3 Nxc3 12. Qxc3 Bf6 13. b4 Kh8 14. c5 Re8 15. cxd6 cxd6 16. Bf4 Rd8 17. Rac1 g5 18. Be3 Bd7 19. Qb3 Rac8 20. d5 Nc7 21. Bxa7 Nxd5 22. Bd4 Qg6 23. e3 f4 24. e4 e5 25. Qxd5 Bc6 26. Qe6 exd4 27. e5 Bxe5 28. Qxg6 hxg6 29. Nxg5 Bxg2 30. Nf7+ Kh7 31. Kxg2 Rxc1 32. Rxc1 Ra8 33. Rc7 Kg8 34. Nxe5 dxe5 35. gxf4 e4 36. Re7 Rxa3 37. Rxe4 d3 38. Rd4 Rb3 39. Kf3 d2+ 40. Ke2 Rb2 41. Rd8+ Kf7 42. Rd7+ Kf6 43. Rxb7 d1=Q+ 44. Kxd1 Rxf2 45. b5 Rxf4 46. Rc7 Rb4 47. Rc6+ Kf5 48. b6 g5 49. Kc2 Kg4 50. Kc3 Rb1 51. Rh6 Kf5 52. Kc4 g4 53. Kc5 Kg5 54. Rh8 Kf6 55. Kc6 Rc1+ 56. Kd7 Rb1 57. Kc7 Rc1+ 58. Kb8 Ke6 59. b7 Kd6 60. Rc8 Rf1 1-0

[Event "Chigorin Memorial 2018"]
[Site "St. Petersburg"]
[Date "2018.10.28"]
[Round "2.95"]
[White "Klevets, Ksenia"]
[Black "Frolov, Aleksey G."]
[Result "1-0"]
[WhiteElo "1834"]
[BlackElo "2086"]
[PlyCount "93"]
[EventDate "2018.10.27"]
[EventType "swiss"]
[EventCountry "RUS"]
[WhiteTeam "Russland"]
[BlackTeam "Russland"]
[WhiteTeamCountry "RUS"]
[BlackTeamCountry "RUS"]

1. d4 Nf6 2. Bf4 g6 3. e3 d5 4. Nd2 Bg7 5. Ngf3 O-O 6. Be2 c5 7. c3 Nfd7 8. O-O Nc6 9. Qb3 c4 10. Qd1 Re8 11. e4 e6 12. h3 b5 13. a3 Bb7 14. e5 a5 15. Nh2 b4 16. Ng4 bxc3 17. bxc3 Qe7 18. a4 h5 19. Nh2 Reb8 20. Nhf3 Bc8 21. Qc2 Rb6 22. Ng5 Rab8 23. Ra2 Nf8 24. Ndf3 Qb7 25. Bc1 Bd7 26. g4 hxg4 27. hxg4 Be8 28. Bd1 Nh7 29. Nxh7 Kxh7 30. Ng5+ Kg8 31. f4 Ne7 32. Qh2 Rb1 33. Bc2 Rb6 34. Nh7 Bc6 35. f5 exf5 36. gxf5 gxf5 37. Nf6+ Kf8 38. Bh6 Ng6 39. Bxg7+ Kxg7 40. Qh7+ Kf8 41. Bxf5 Nxe5 42. dxe5 Qa7 43. Raf2 Rb2 44. e6 R8b7 45. Qg8+ Ke7 46. exf7 Rb8 47. Re1+ 1-0

[Event "Chigorin Memorial 2018"]
[Site "St. Petersburg"]
[Date "2018.10.28"]
[Round "2.96"]
[White "Don, Aleksandr"]
[Black "Kombar, Mariya"]
[Result "1-0"]
[WhiteElo "2086"]
[BlackElo "1851"]
[PlyCount "91"]
[EventDate "2018.10.27"]
[EventType "swiss"]
[EventCountry "RUS"]
[WhiteTeam "Russland"]
[BlackTeam "Russland"]
[WhiteTeamCountry "RUS"]
[BlackTeamCountry "RUS"]

1. d4 f5 2. Nc3 d5 3. g3 e6 4. Bg2 Nf6 5. Nf3 c6 6. O-O Bd6 7. Bf4 O-O 8. Bxd6 Qxd6 9. Ne5 Nbd7 10. f4 b6 11. Qd2 a5 12. a3 Ba6 13. Rfb1 c5 14. e3 Ne4 15. Nxe4 fxe4 16. Nxd7 Qxd7 17. dxc5 Qc6 18. cxb6 Qxb6 19. b4 axb4 20. axb4 Rfc8 21. Ra5 Rab8 22. Rba1 Bb5 23. c3 Qc6 24. R1a3 Qc4 25. Ra7 Rc6 26. Re7 Kf8 27. Raa7 Qxc3 28. Rf7+ Kg8 29. Qxc3 Rxc3 30. Rxg7+ Kf8 31. Rxh7 Rc1+ 32. Kf2 Kg8 33. g4 Rc2+ 34. Kg3 Re2 35. f5 exf5 36. gxf5 Rxe3+ 37. Kf4 Re2 38. Rag7+ Kf8 39. Ke5 Rf2 40. Bh3 Rb6 41. Rf7+ Kg8 42. Rhg7+ Kh8 43. f6 Rbxf6 44. Rxf6 Rxh2 45. Rg3 Kh7 46. Bf5+ 1-0

[Event "Chigorin Memorial 2018"]
[Site "St. Petersburg"]
[Date "2018.10.28"]
[Round "2.98"]
[White "Tyapkin, Petr"]
[Black "Bulsoev, Alexander"]
[Result "1/2-1/2"]
[WhiteElo "2080"]
[BlackElo "1828"]
[PlyCount "83"]
[EventDate "2018.10.27"]
[EventType "swiss"]
[EventCountry "RUS"]
[WhiteTeam "Russland"]
[BlackTeam "Russland"]
[WhiteTeamCountry "RUS"]
[BlackTeamCountry "RUS"]

1. d4 d5 2. Nf3 Nf6 3. c4 c6 4. Nc3 e6 5. Bg5 Be7 6. e3 Nbd7 7. Bd3 O-O 8. O-O a6 9. Qe2 b5 10. b3 Bb7 11. Rfd1 Ne4 12. Bxe7 Nxc3 13. Bxd8 Nxe2+ 14. Bxe2 Rfxd8 15. c5 a5 16. a4 b4 17. Bd3 Ba6 18. Ne1 f6 19. f3 Kf7 20. Kf2 Re8 21. h4 Bxd3 22. Nxd3 e5 23. Re1 e4 24. Nf4 f5 25. g4 g6 26. g5 Nf8 27. h5 Ne6 28. hxg6+ hxg6 29. Nxe6 Kxe6 30. f4 Rh8 31. Rh1 Kf7 32. Kg2 Kg7 33. Rxh8 Rxh8 34. Rh1 Rxh1 35. Kxh1 Kf7 36. Kg2 Kg7 37. Kh2 Kh7 38. Kg2 Kg7 39. Kh2 Kh7 40. Kg2 Kg7 41. Kh2 Kh7 42. Kg2 1/2-1/2

[Event "Chigorin Memorial 2018"]
[Site "St. Petersburg"]
[Date "2018.10.28"]
[Round "2.99"]
[White "Ponomarev, Vsevolod"]
[Black "Lavrinovitsh, Denis"]
[Result "0-1"]
[WhiteElo "1812"]
[BlackElo "2078"]
[PlyCount "82"]
[EventDate "2018.10.27"]
[EventType "swiss"]
[EventCountry "RUS"]
[WhiteTeam "Russland"]
[BlackTeam "Russland"]
[WhiteTeamCountry "RUS"]
[BlackTeamCountry "RUS"]

1. e4 e6 2. d4 d5 3. Nd2 Nf6 4. e5 Nfd7 5. c3 c5 6. Bd3 Nc6 7. Ne2 Qb6 8. Nf3 cxd4 9. cxd4 f6 10. exf6 Nxf6 11. O-O Bd6 12. Bf4 Bxf4 13. Nxf4 O-O 14. Re1 Ne4 15. Nh5 g6 16. Ng3 Nxg3 17. hxg3 Nxd4 18. Ng5 Rf6 19. Qg4 h6 20. Nh3 e5 21. Qh4 Bxh3 22. Qxh3 e4 23. Bxe4 dxe4 24. Rxe4 Raf8 25. Qxh6 Nf5 26. Qg5 Nd6 27. Rf4 Kg7 28. Re1 Qxb2 29. a4 Rxf4 30. gxf4 Qf6 31. Qc5 b6 32. Qd5 Qxf4 33. f3 Re8 34. Rd1 Nf5 35. Qd7+ Re7 36. Qc6 Qc7 37. Qa8 Qg3 38. Qc8 Re1+ 39. Rxe1 Qxe1+ 40. Kh2 Qe5+ 41. Kg1 Qc5+ 0-1

[Event "Chigorin Memorial 2018"]
[Site "St. Petersburg"]
[Date "2018.10.28"]
[Round "2.100"]
[White "Martynyuk, Elizaveta"]
[Black "Nuritdinov, Nizomitdin"]
[Result "1-0"]
[WhiteElo "2076"]
[BlackElo "1796"]
[PlyCount "47"]
[EventDate "2018.10.27"]
[EventType "swiss"]
[EventCountry "RUS"]
[WhiteTeam "Russland"]
[BlackTeam "Russland"]
[WhiteTeamCountry "RUS"]
[BlackTeamCountry "RUS"]

1. e4 d6 2. d4 Nf6 3. Nc3 g6 4. f4 c6 5. Nf3 Bg7 6. Bd3 O-O 7. O-O b6 8. Qe1 Ba6 9. e5 dxe5 10. fxe5 Nd5 11. Qh4 e6 12. Bg5 f6 13. Nxd5 cxd5 14. exf6 Bxf6 15. Bxf6 Rxf6 16. Ng5 h5 17. Rxf6 Qxf6 18. Rf1 Qe7 19. Rf7 Qxf7 20. Nxf7 Kxf7 21. Qf4+ Ke8 22. Qc7 Bxd3 23. Qc8+ Ke7 24. cxd3 1-0

[Event "Chigorin Memorial 2018"]
[Site "St. Petersburg"]
[Date "2018.10.28"]
[Round "2.101"]
[White "Chugunov, Vadim"]
[Black "Shidlovskiy, Artemiy"]
[Result "0-1"]
[WhiteElo "1790"]
[BlackElo "2073"]
[PlyCount "58"]
[EventDate "2018.10.27"]
[EventType "swiss"]
[EventCountry "RUS"]
[WhiteTeam "Russland"]
[BlackTeam "Russland"]
[WhiteTeamCountry "RUS"]
[BlackTeamCountry "RUS"]

1. e4 c5 2. Nf3 d6 3. d4 cxd4 4. Nxd4 Nf6 5. Nc3 Nc6 6. Bg5 e6 7. Bb5 Bd7 8. Bxc6 bxc6 9. Qf3 Qb6 10. Nb3 Be7 11. O-O h6 12. Bh4 e5 13. Bxf6 Bxf6 14. Rad1 Be7 15. Ne2 Be6 16. Ng3 g6 17. Rd2 O-O 18. Rfd1 a5 19. a4 Rfb8 20. Rd3 Qb4 21. Ra1 c5 22. Rc3 c4 23. Nf5 Bf8 24. Nd2 Qxb2 25. Rd1 d5 26. Qh3 dxe4 27. Nxh6+ Kg7 28. Qh4 Rd8 29. Rb1 Qxb1+ 0-1

[Event "Chigorin Memorial 2018"]
[Site "St. Petersburg"]
[Date "2018.10.28"]
[Round "2.102"]
[White "Shoshin, Kirill"]
[Black "Vasilenko, Ekaterina"]
[Result "0-1"]
[WhiteElo "2073"]
[BlackElo "1785"]
[PlyCount "84"]
[EventDate "2018.10.27"]
[EventType "swiss"]
[EventCountry "RUS"]
[WhiteTeam "Russland"]
[BlackTeam "Ukraine"]
[WhiteTeamCountry "RUS"]
[BlackTeamCountry "UKR"]

1. d4 f5 2. c4 Nf6 3. e3 g6 4. Nf3 Bg7 5. b4 O-O 6. Bb2 d6 7. Be2 Kh8 8. Nc3 Be6 9. O-O Bg8 10. Qc2 c6 11. e4 fxe4 12. Nxe4 Nbd7 13. Ng3 Qc7 14. Bd3 Rae8 15. h4 e5 16. dxe5 Nxe5 17. Nxe5 dxe5 18. h5 Nxh5 19. Nxh5 gxh5 20. Rad1 Qe7 21. a3 h4 22. Be4 Qe6 23. c5 Qg4 24. Rfe1 h3 25. Re3 hxg2 26. Rg3 Qh5 27. Kxg2 Rf4 28. Rh1 Rh4 29. Rxh4 Qxh4 30. f3 Bh6 31. Qf2 Bf4 32. Rh3 Qg5+ 33. Kh1 Rd8 34. Bc3 Rd1+ 35. Be1 Be3 36. Qf1 Bd2 37. Rg3 Qh4+ 38. Kg2 Rxe1 39. Rxg8+ Kxg8 40. Qc4+ Kg7 41. Qe6 Qh1+ 42. Kg3 Rg1+ 0-1

[Event "Chigorin Memorial 2018"]
[Site "St. Petersburg"]
[Date "2018.10.28"]
[Round "2.103"]
[White "Timirev, Sergey"]
[Black "Khlopushin, Dmitriy"]
[Result "0-1"]
[WhiteElo "1788"]
[BlackElo "2072"]
[PlyCount "78"]
[EventDate "2018.10.27"]
[EventType "swiss"]
[EventCountry "RUS"]
[WhiteTeam "Russland"]
[BlackTeam "Russland"]
[WhiteTeamCountry "RUS"]
[BlackTeamCountry "RUS"]

1. d4 d5 2. c4 e6 3. Nc3 Nf6 4. cxd5 exd5 5. Bg5 c6 6. e3 Qb6 7. Qc2 Ne4 8. Nxe4 dxe4 9. Qxe4+ Be6 10. O-O-O Qa5 11. f4 Qxa2 12. f5 Qd5 13. Bd3 Qxe4 14. Bxe4 Bd5 15. Bf3 Bb4 16. e4 Bb3 17. Rf1 Nd7 18. Bd1 Bxd1 19. Rxd1 O-O 20. Bd2 Bxd2+ 21. Kxd2 Rfe8 22. Kd3 c5 23. Nf3 cxd4 24. Kxd4 f6 25. Rhe1 Nb6 26. Rc1 Rad8+ 27. Kc5 Na4+ 28. Kb5 Nxb2 29. Rc7 Nd3 30. Re3 a6+ 31. Kb6 Nf4 32. Ra3 Rxe4 33. Kxb7 Nd5 34. Rd3 Rb4+ 35. Ka7 Rb5 36. Rb7 Rc5 37. g4 Rcc8 38. Kxa6 Nb4+ 39. Rxb4 Rxd3 0-1

[Event "Chigorin Memorial 2018"]
[Site "St. Petersburg"]
[Date "2018.10.28"]
[Round "2.104"]
[White "Volkov, Roman"]
[Black "Bodnaruk, Kseniya"]
[Result "1-0"]
[WhiteElo "2070"]
[BlackElo "1777"]
[PlyCount "143"]
[EventDate "2018.10.27"]
[EventType "swiss"]
[EventCountry "RUS"]
[WhiteTeam "Russland"]
[BlackTeam "Russland"]
[WhiteTeamCountry "RUS"]
[BlackTeamCountry "RUS"]

1. d4 d5 2. c4 e6 3. Nf3 Nf6 4. g3 Be7 5. Bg2 O-O 6. O-O c5 7. cxd5 exd5 8. Nc3 Nc6 9. b3 Ne4 10. Bb2 Bf6 11. Na4 b5 12. Nxc5 Nxc5 13. Rc1 Nxb3 14. axb3 Bb7 15. Qd3 a6 16. Rfd1 Re8 17. e3 Rc8 18. Bh3 Rc7 19. Ba3 Be7 20. Bc5 Bc8 21. Bg2 Bxc5 22. dxc5 Be6 23. Qd2 Qf6 24. Nd4 Nxd4 25. Qxd4 Qxd4 26. exd4 f6 27. Re1 Kf7 28. Ra1 Rc6 29. Re3 Rd8 30. b4 g6 31. Rae1 Rd7 32. f4 f5 33. Bf3 Kf6 34. Kf2 Ra7 35. Be2 Bd7 36. Ra1 Re6 37. Re5 Bc6 38. Bf3 Rxe5 39. dxe5+ Ke6 40. Ke2 h6 41. Kd3 Ra8 42. Kd4 Ra7 43. h3 h5 44. Be2 Ra8 45. Bd3 Be8 46. Bc2 Ra7 47. Ra3 Ra8 48. Bd1 Bc6 49. Bf3 Ra7 50. g4 h4 51. gxf5+ Kxf5 52. Bg4+ Kxf4 53. Rf3+ Kg5 54. Rf6 Rc7 55. Rxc6 Rxc6 56. Kxd5 Rc7 57. Kd6 Rg7 58. c6 a5 59. c7 Rxc7 60. Kxc7 axb4 61. e6 b3 62. Bd1 b2 63. Bc2 Kf4 64. e7 Kg3 65. e8=Q Kxh3 66. Qxg6 Kh2 67. Bb1 h3 68. Kd8 b4 69. Ke7 b3 70. Kf6 Kh1 71. Ke5 h2 72. Be4# 1-0

[Event "Chigorin Memorial 2018"]
[Site "St. Petersburg"]
[Date "2018.10.28"]
[Round "2.105"]
[White "Kovalenko, Kleopatra"]
[Black "Torres Dominguez, David"]
[Result "0-1"]
[WhiteElo "1781"]
[BlackElo "2067"]
[PlyCount "64"]
[EventDate "2018.10.27"]
[EventType "swiss"]
[EventCountry "RUS"]
[WhiteTeam "Russland"]
[BlackTeam "Spanien"]
[WhiteTeamCountry "RUS"]
[BlackTeamCountry "ESP"]

1. e4 e5 2. Nf3 Nc6 3. Bc4 Bc5 4. d3 d6 5. c3 Nf6 6. h3 a6 7. a4 Be6 8. Nbd2 O-O 9. O-O Ba7 10. Re1 h6 11. b4 Ne7 12. Rb1 Ng6 13. b5 Nf4 14. Nf1 Bxc4 15. dxc4 Ne6 16. Ng3 Nc5 17. Qc2 axb5 18. axb5 Qd7 19. Nh4 Qe6 20. Qe2 Bb6 21. Nhf5 Ncxe4 22. Nxh6+ gxh6 23. Nxe4 Nxe4 24. Qxe4 Ra4 25. Rb4 Ra2 26. Be3 Ba5 27. Qxb7 f5 28. c5 f4 29. Bc1 dxc5 30. Bxf4 cxb4 31. Rxe5 Qf7 32. cxb4 Bb6 0-1